000 00930cas a22002777a 4500
005 20220329143046.0
008 001017c2000 mx fr pernn 0 b1spa d
010 _a91327
011 _a92299
035 _a102863
245 0 0 _aRevista Mexicana de la Ciencia de la Maleza
_c/por Universidad Autónoma Chapingo
260 0 _aChapingo, Méx.,:
_bUniversidad Autónoma Chapingo
_c2000-
300 _av.
310 _aSemestral
590 _aBATCH-UPD
_b10
_c20130111
_lUCH01
_h0001
590 _aBATCH-UPD
_b10
_c20130410
_lUCH01
_h1646
590 _aBATCH-UPD
_b10
_c20130914
_lUCH01
_h1741
590 _aCONVERSION
_b10
_c20130109
_lUCH01
_h1351
650 1 4 _aMalas hierbas
_xInvestigación
_xPublicaciones periódicas.
_970024
866 _av. 1 n. 1 (2001)
866 _av. 1 n. 2 (2001)
866 _av. 2 n. 1 (2002)
901 _aSE
905 _aAraceli Hernández Gómez.
999 _c91327
_d91327